[Event "Russian Women's Superfinals"]
[Site "Moscow RUS"]
[Date "2012.08.05"]
[EventDate "2012.08.03"]
[Round "3"]
[Result "1/2-1/2"]
[White "Nadezhda Kosintseva"]
[Black "Baira Kovanova"]
[WhiteElo "2524"]
[BlackElo "2408"]
[PlyCount "156"]

1. d4 Nf6 2. c4 e6 3. Nc3 Bb4 4. e3 O-O 5. Bd3 c5 6. Nge2 d5
7. cxd5 cxd4 8. exd4 Nxd5 9. O-O Nc6 10. a3 Be7 11. Bc2 Nxc3
12. bxc3 e5 13. Be3 Bg4 14. Qd3 g6 15. Ng3 exd4 16. cxd4 Bf6
17. h3 Be6 18. Rfd1 Rc8 19. Rab1 Nxd4 20. Bxd4 Qxd4 21. Qxd4
Bxd4 22. Rxd4 Rxc2 23. Rxb7 a6 24. Rb6 a5 25. Ne4 Rfc8 26. Ra6
R2c4 27. Rxc4 Rxc4 28. Ng5 Ra4 29. Nxe6 fxe6 30. Rxe6 Rxa3
31. Ra6 Ra2 32. Ra8+ Kg7 33. Ra7+ Kg8 34. g3 a4 35. Kg2 Ra3
36. Ra5 Kg7 37. g4 h6 38. h4 Kf6 39. f3 g5 40. Ra6+ Kg7
41. Ra7+ Kf6 42. h5 Rc3 43. Rxa4 Rc7 44. Kf2 Kg7 45. Ke3 Re7+
46. Re4 Ra7 47. Re5 Ra3+ 48. Ke4 Ra4+ 49. Kd5 Ra5+ 50. Ke6 Ra3
51. Rf5 Ra6+ 52. Ke5 Ra5+ 53. Kd4 Ra3 54. Ke4 Ra4+ 55. Ke3
Ra3+ 56. Kf2 Ra2+ 57. Kg3 Ra7 58. Rb5 Rc7 59. Rb6 Ra7 60. Rg6+
Kh7 61. Rd6 Kg7 62. Kf2 Re7 63. Rd5 Kh7 64. f4 gxf4 65. Kf3
Kg7 66. Kxf4 Rf7+ 67. Ke4 Re7+ 68. Re5 Ra7 69. Re6 Ra4+
70. Kf5 Ra5+ 71. Re5 Ra7 72. g5 hxg5 73. Kxg5 Rb7 74. h6+ Kh7
75. Kh5 Ra7 76. Rg5 Rb7 77. Rg7+ Rxg7 78. hxg7 Kxg7 1/2-1/2

[Event "Pan-Am Intercollegiate"]
[Site "Cleveland USA"]
[Date "2015.12.28"]
[EventDate "2015.12.27"]
[Round "3"]
[Result "0-1"]
[White "Vasif Durarbayli"]
[Black "Nadezhda Kosintseva"]
[WhiteElo "2616"]
[BlackElo "2471"]
[PlyCount "146"]

1. d4 Nf6 2. Nf3 d5 3. g3 e6 4. Bg2 Be7 5. O-O O-O 6. c4 dxc4
7. Qc2 a6 8. a4 Bd7 9. Qxc4 Bc6 10. Bg5 a5 11. Nc3 Na6
12. Bxf6 Bxf6 13. e4 Nb4 14. Rfd1 b6 15. Qe2 Bb7 16. Rac1 Re8
17. h4 h6 18. Qe3 Rc8 19. Qf4 Ba6 20. Bf1 Bxf1 21. Kxf1 c6
22. Qe3 Qc7 23. Kg2 Red8 24. Rd2 Qb8 25. Rcd1 Be7 26. Qe2 Bf6
27. Nh2 c5 28. d5 exd5 29. Nxd5 Nxd5 30. Rxd5 Re8 31. b3 Rc6
32. Qc4 Rce6 33. Re1 Qb7 34. Nf3 Qc6 35. Qd3 Be5 36. Rd8 Rxd8
37. Qxd8+ Kh7 38. Qd5 Qc7 39. Rd1 Qe7 40. Qa8 g6 41. h5 gxh5
42. Rd5 Bf6 43. Rf5 Kg7 44. Nd2 h4 45. Rf4 Bg5 46. Rg4 h5
47. gxh4 hxg4 48. hxg5 Qxg5 49. Nf1 Qf4 50. Ng3 Qf3+ 51. Kg1
Kh7 52. Qd5 Rh6 53. Nh5 g3 54. Nxg3 Rf6 55. Nf5 Rxf5 56. Qxf5+
Qxf5 57. exf5 Kg7 58. Kg2 Kf6 59. Kg3 Kxf5 60. Kf3 Kf6 61. Kf4
Ke6 62. Ke4 f6 63. Kf4 Kd5 64. Kf5 c4 65. bxc4+ Kxc4 66. Kxf6
b5 67. axb5 Kxb5 68. f4 a4 69. f5 a3 70. Ke7 a2 71. f6 a1=Q
72. f7 Qg7 73. Ke8 Kc6 0-1

[Event "Pan-Am Intercollegiate"]
[Site "Cleveland USA"]
[Date "2015.12.29"]
[EventDate "2015.12.27"]
[Round "5"]
[Result "1/2-1/2"]
[White "Nadezhda Kosintseva"]
[Black "Holden Hernandez Carmenates"]
[WhiteElo "2471"]
[BlackElo "2519"]
[PlyCount "108"]

1. e4 c6 2. d4 d5 3. Nc3 dxe4 4. Nxe4 Bf5 5. Ng3 Bg6 6. h4 h6
7. Nf3 Nd7 8. h5 Bh7 9. Bd3 Bxd3 10. Qxd3 e6 11. Bd2 Ngf6
12. O-O-O Be7 13. Kb1 Qb6 14. Rhe1 c5 15. c4 cxd4 16. Nxd4
O-O-O 17. Bc3 Nb8 18. Qf3 Nc6 19. Nxc6 Qxc6 20. Qxc6+ bxc6
21. Kc2 Bc5 22. Rxd8+ Rxd8 23. Ne4 Bd4 24. Nxf6 Bxc3 25. Kxc3
gxf6 26. g4 Rg8 27. f3 Rg5 28. b4 a5 29. a4 axb4+ 30. Kxb4 Kc7
31. c5 f5 32. Re5 Rg8 33. gxf5 Rg5 34. Kc4 Rxh5 35. Kd4 Rxf5
36. Rxf5 exf5 37. Ke5 Kb7 38. Kxf5 Ka6 39. Kf6 Ka5 40. f4 h5
41. Kg5 Kb4 42. Kxh5 Kxc5 43. Kg5 Kb4 44. Kf6 c5 45. a5 Kb5
46. a6 Kxa6 47. Kxf7 c4 48. f5 c3 49. f6 c2 50. Kg8 c1=Q
51. f7 Qg5+ 52. Kh7 Qf6 53. Kg8 Qg6+ 54. Kh8 Qxf7 1/2-1/2

[Event "Pan-Am Intercollegiate"]
[Site "Cleveland USA"]
[Date "2015.12.30"]
[EventDate "2015.12.27"]
[Round "6"]
[Result "1/2-1/2"]
[White "Andrey Baryshpolets"]
[Black "Nadezhda Kosintseva"]
[WhiteElo "2538"]
[BlackElo "2471"]
[PlyCount "39"]

1. d4 Nf6 2. c4 e6 3. Nf3 d5 4. Nc3 dxc4 5. e3 a6 6. a4 c5
7. Bxc4 Nc6 8. O-O Be7 9. Qe2 cxd4 10. Rd1 e5 11. exd4 exd4
12. Nxd4 Nxd4 13. Qe5 Qd6 14. Qxd4 Qxd4 15. Rxd4 Bc5 16. Rd1
O-O 17. h3 Be6 18. Bxe6 fxe6 19. Be3 Bxe3 20. fxe3 1/2-1/2